Statistics for Periodic Table of Elements Quiz - What do you know about this table?

Click here to take the quiz!

General Stats

  • This quiz has been taken 11 times
  • The average score is 39 of 54

Answer Stats

QuestionTileSelect% Correct
Which of the following are elements on the CURRENT Periodic Table of Elements? SELECT ALL THAT APPLYIronYes
100%
Which of the following are elements on the CURRENT Periodic Table of Elements? SELECT ALL THAT APPLYSandNo
100%
Which of the following are elements on the CURRENT Periodic Table of Elements? SELECT ALL THAT APPLYSilicon DioxideNo
100%
What are the elements toward the left of the Periodic Table of Elements called?Cold ElementsNo
90%
What are the elements toward the left of the Periodic Table of Elements called?Limited-Edition ElementsNo
90%
Which of the following are elements on the CURRENT Periodic Table of Elements? SELECT ALL THAT APPLYNeonYes
90%
Which of the following are elements on the CURRENT Periodic Table of Elements? SELECT ALL THAT APPLYPleroviumNo
90%
Which of the following are elements on the CURRENT Periodic Table of Elements? SELECT ALL THAT APPLYSteelNo
90%
What are the elements toward the left of the Periodic Table of Elements called?Carsenon MetalsNo
80%
Which of the following are elements on the CURRENT Periodic Table of Elements? SELECT ALL THAT APPLYDysprosiumYes
80%
Which of the following are elements on the CURRENT Periodic Table of Elements? SELECT ALL THAT APPLYErdymiumNo
80%
What are the elements toward the left of the Periodic Table of Elements called?Noble GassesNo
80%
What are the elements toward the left of the Periodic Table of Elements called?Platonic SolidsNo
80%
What are the elements toward the left of the Periodic Table of Elements called?Regular MetalsNo
80%
Which of the following are elements on the CURRENT Periodic Table of Elements? SELECT ALL THAT APPLYUnunoctiumNo
80%
What are the elements toward the left of the Periodic Table of Elements called?Alkali MetalsYes
70%
What are the elements toward the right of the Periodic Table of Elements called?Alkali MetalsNo
70%
Remove "Mi" and replace it with an H, all of a sudden you can call me Anthony. What element am I?AntimonyYes
70%
What are the elements toward the right of the Periodic Table of Elements called?Cold ElementsNo
70%
What are the elements toward the right of the Periodic Table of Elements called?Limited-Edition ElementsNo
70%
What are the elements toward the left of the Periodic Table of Elements called?MetalloidsNo
70%
What are the elements toward the right of the Periodic Table of Elements called?Noble GassesYes
70%
Remove "Mi" and replace it with an H, all of a sudden you can call me Anthony. What element am I?PraseodymiumNo
70%
Remove "Mi" and replace it with an H, all of a sudden you can call me Anthony. What element am I?RhodiumNo
70%
Remove "Mi" and replace it with an H, all of a sudden you can call me Anthony. What element am I?RubidiumNo
70%
Remove "Mi" and replace it with an H, all of a sudden you can call me Anthony. What element am I?SeleniumNo
70%
Remove "Mi" and replace it with an H, all of a sudden you can call me Anthony. What element am I?SiliconNo
70%
Take the 1st 4 letters of my name, and I am what cellphones & computers are known as. What element am I?TantalumNo
70%
Take the 1st 4 letters of my name, and I am what cellphones & computers are known as. What element am I?TechnetiumYes
70%
Remove "Mi" and replace it with an H, all of a sudden you can call me Anthony. What element am I?TelluriumNo
70%
Take the 1st 4 letters of my name, and I am what cellphones & computers are known as. What element am I?TelluriumNo
70%
Take the 1st 4 letters of my name, and I am what cellphones & computers are known as. What element am I?TerbiumNo
70%
Take the 1st 4 letters of my name, and I am what cellphones & computers are known as. What element am I?ThalliumNo
70%
Take the 1st 4 letters of my name, and I am what cellphones & computers are known as. What element am I?ThoriumNo
70%
Take the 1st 4 letters of my name, and I am what cellphones & computers are known as. What element am I?ThulliumNo
70%
Take the 1st 4 letters of my name, and I am what cellphones & computers are known as. What element am I?TonoriumNo
70%
Take the 1st 4 letters of my name, and I am what cellphones & computers are known as. What element am I?TungstenNo
70%
How many element symbols are there that start with X?0.5No
60%
How many element symbols are there that start with X?2No
60%
How many element symbols are there that start with X?24No
60%
How many element symbols are there that start with X?3No
60%
How many element symbols are there that start with X?4No
60%
How many element symbols are there that start with X?7No
60%
How many element symbols are there that start with X?All of themNo
60%
Remove "Mi" and replace it with an H, all of a sudden you can call me Anthony. What element am I?ArsenicNo
60%
Remove "Mi" and replace it with an H, all of a sudden you can call me Anthony. What element am I?AstatineNo
60%
What are the elements toward the right of the Periodic Table of Elements called?Carsenon MetalsNo
60%
What are the elements toward the right of the Periodic Table of Elements called?MetalloidsNo
60%
What are the elements toward the left of the Periodic Table of Elements called?Non-MetalsNo
60%
What are the elements toward the right of the Periodic Table of Elements called?Non-MetalsNo
60%
What are the elements toward the right of the Periodic Table of Elements called?Platonic SolidsNo
60%
What are the elements toward the right of the Periodic Table of Elements called?Regular MetalsNo
60%
How many element symbols are there that start with X?1Yes
50%
How many element symbols are there that start with X?NoneNo
50%

Score Distribution

Percentile by Number Answered

Percent of People with Each Score

Your Score History

You have not taken this quiz